En el Viejo Almendral

Salvato in:
Dettagli Bibliografici
Autore principale: Edwards Bello, Joaquín (Autore)
Natura: Libro
Lingua:spagnolo
Pubblicazione: Santiago Andrés Bello 1983
Serie:Los mejores libros chilenos
Soggetti:
Tags: Aggiungi Tag
Nessun Tag, puoi essere il primo ad aggiungerne!!

MARC

LEADER 00000nam a2200000 a 4500
001 UCX4571
003 CL-VaPUC
008 920612e19830000CL |||||||||||||||||spa|d
082 0 4 |a Ch863  |b EDW  |2 21 
100 0 |a Edwards Bello, Joaquín  |e author  |9 320766 
245 1 0 |a En el Viejo Almendral 
300 |a 2 v 
942 |c BK 
945 |d 19920612 00:00:00 
260 |a Santiago  |b Andrés Bello  |c 1983 
650 0 |a Novelas chilenas   |9 265425 
583 |a last modification  |c 19920612 00:00:00  |k Rodrigo Vera 
490 0 |a Los mejores libros chilenos 
999 |c 225002  |d 225000 
952 |0 0  |1 0  |4 0  |6 CH_863_000000000000000_EDW_1983  |7 0  |8 A  |9 222145  |a BIBEDU  |b BIBEDU  |d 2019-11-15  |h v.1  |i 290988K  |o Ch863 EDW 1983  |p 290988K  |r 2019-11-15  |w 2019-11-15  |y BK  |k LIT 
952 |0 0  |1 0  |4 0  |6 CH_863_000000000000000_EDW_1983  |7 0  |8 A  |9 222146  |a BIBEDU  |b BIBEDU  |d 2019-11-15  |h v.2  |i 2909898  |o Ch863 EDW 1983  |p 2909898  |r 2019-11-15  |w 2019-11-15  |y BK  |k LIT